000 00359nam a2200157Ia 4500
008 220923s9999 xx 000 0 und d
020 _a9789350289938
082 _bSAR
100 _aSARATHI, VEPA P.
245 0 _aINTERPRETATION OF STATUTES
250 _a5TH
260 _c2013
300 _a568
650 _aInterpretation of Statutes
942 _cBK
999 _c195843
_d195843